FIFA World Cup winning managers - Statistics

General Stats
  • This quiz has been taken 56 times
    42 since last reset
  • The average score is 7 of 20
Answer Stats
Year: Winner: Manager: % Correct
2014 Germany Joachim Löw
93%
2010 Spain Vicente Del Bosque
90%
1990 West Germany Franz Beckenbauer
73%
2002 Brazil Luiz Felipe Scolari
73%
2006 Italy Marcello Lippi
70%
1970 Brazil Mário Zagallo
57%
1966 England Alf Ramsey
47%
1998 France Aimé Jacquet
43%
1994 Brazil Carlos Alberto Parreira
33%
1986 Argentina Carlos Bilardo
30%
1978 Argentina César Luis Menotti
23%
1938 Italy Vittorio Pozzo
17%
1934 Italy Vittorio Pozzo
17%
1974 West Germany Helmut Schön
13%
1954 West Germany Sepp Herberger
13%
1958 Brazil Vicente Feola
7%
1930 Uruguay Alberto Suppici
3%
1962 Brazil Aymoré Moreira
3%
1982 Italy Ivano Bordon
3%
1950 Uruguay Juan López Fontana
3%
No matching quizzes found
Score Distribution
Percent of People with Each Score
Percentile by Number Answered
Your Score History
You have not taken this quiz since the last reset